| 000 | 00716cam a22002414a 4500 | ||
|---|---|---|---|
| 008 | |||
| 020 | _a0072995882 (hbk. ) | ||
| 049 | _aMAIN | ||
| 090 |
_aQH308.2 _b.BIO |
||
| 100 | _aBrooker, Robert J. | ||
| 245 | 0 | 0 |
_aStudent study guide to accompany Biology / _cRobert J. Brooker... [et al.] |
| 260 |
_aBoston : _bMcGraw-Hill Higher Education, _cc2008. |
||
| 300 |
_av, 361 p. : _bill. ; _c28 cm. |
||
| 650 | 0 |
_aBiology _vTextbooks. |
|
| 700 | 1 | _aWidmaier, Eric P. | |
| 700 | _aStiling, Peter D. | ||
| 700 | _aGraham, Linda E. | ||
| 907 |
_a.b10293310 _b14-03-14 _c15-03-11 |
||
| 003 | |||
| 005 | 20230123125344.0 | ||
| 040 | _cNUST | ||
| 942 |
_cBOOKS _kQH308.2 _m.BIO |
||
| 999 |
_c140086 _d140086 |
||